Blackbirds, Orioles, and Meadowlarks of North America - Statistics

General Stats
  • This quiz has been taken 15 times
  • The average score is 15 of 22
Answer Stats
Picture Answer % Correct
Red-Winged Blackbird
100%
Baltimore Oriole
92%
Brown-Headed Cowbird
92%
Common Grackle
92%
Yellow-Headed Blackbird
92%
Great-Tailed Grackle
83%
Western Meadowlark
83%
Bobolink
75%
Bullock's Oriole
75%
Eastern Meadowlark
75%
Orchard Oriole
75%
Tricolored Blackbird
75%
Boat-Tailed Grackle
67%
Brewer's Blackbird
67%
Bronzed Cowbird
67%
Rusty Blackbird
67%
Scott's Oriole
67%
Hooded Oriole
50%
Shiny Cowbird
50%
Audubon's Oriole
33%
Altamira Oriole
25%
Spot-Breasted Oriole
17%
No matching quizzes found
Score Distribution
Percent of People with Each Score
Percentile by Number Answered
Your Score History
You have not taken this quiz